Pace boost for projects (Record no. 69206)

MARC details
000 -LEADER
fixed length control field 01090cam a2200193 4500
008 - FIXED-LENGTH DATA ELEMENTS--GENERAL INFORMATION
fixed length control field 020108n2002 000 0 eng u
035 ## - SYSTEM CONTROL NUMBER
System control number (Sirsi) u116179
245 ## - TITLE STATEMENT
Title Pace boost for projects
260 ## - PUBLICATION, DISTRIBUTION, ETC.
Date of publication, distribution, etc. 2002
490 ## - SERIES STATEMENT
Series statement Planning (for the Natural and Built Environment)
Volume/sequential designation 4 January 2002, 2(1)
520 ## - SUMMARY, ETC.
Summary, etc. Government has confirmed that schemes of national importance will be fast-tracked through the planning system and decided in principle by parliament. Forthcoming reforms will also give the secretary of state powers to decide whether controversial schemes should go ahead, and to veto parliamentary decisions. National policy statements will be written to cover particular types of projects, such as new airports. "Major Infrastructure Projects: Delivering a Fundamental Change" is available from the DTLR. T: +44 (0) 870 1226 236.
590 ## - LOCAL NOTE (RLIN)
Local note WB
650 ## - SUBJECT ADDED ENTRY--TOPICAL TERM
Topical term or geographic name entry element PLANNING DECISIONS
650 ## - SUBJECT ADDED ENTRY--TOPICAL TERM
Topical term or geographic name entry element PLANNING REFORM
650 ## - SUBJECT ADDED ENTRY--TOPICAL TERM
Topical term or geographic name entry element NATIONAL POLICY GUIDELINE
650 ## - SUBJECT ADDED ENTRY--TOPICAL TERM
Topical term or geographic name entry element PLANNING LAW
690 ## - LOCAL SUBJECT ADDED ENTRY--TOPICAL TERM (OCLC, RLIN)
Topical term or geographic name as entry element ENVIRONMENTAL AND LAND CONSULTANCY-PLANNING AND DEVELOPMENT
942 ## - ADDED ENTRY ELEMENTS (KOHA)
Suppress in OPAC 0
Holdings
Withdrawn status Lost status Source of classification or shelving scheme Damaged status Not for loan Home library Current library Shelving location Date acquired Total Checkouts Barcode Date last seen Copy number Price effective from Koha item type
    Dewey Decimal Classification     London London News article 08/01/2002   116179-1001 06/08/2019 1 06/08/2019 News article